Statistics for Famous French People #2

Click here to take the quiz!

General Stats

  • This quiz has been taken 984 times
  • The average score is 10 of 20

Answer Stats

hintanswer% Correct
Wrote about an 80 day world travelerJules Verne
77%
Engineer and Paris landmark designerGustave Eiffel
74%
French president 2017-2022Emmanuel Macron
72%
Sculpted The ThinkerAuguste Rodin
69%
Created Athos, Porthos, Aramis and D'ArtagnanAlexandre Dumas
65%
1920's world tennis #1,
crocodile-labeled shirt creator
René Lacoste
63%
French Open is named after this aviatorRoland Garros
63%
Cyrano de Bergerac title role actorGérard Depardieu
59%
17th century actor and playwrightMolière
59%
Sadism is named after himMarquis de Sade
57%
Artist who spent his later years in TahitiPaul Gauguin
49%
Mime artistMarcel Marceau
42%
Banking dynastyRothschild
37%
Four-time Formula One championAlain Prost
36%
La Comédie humaineHonoré de Balzac
36%
Namesake of his fashion label,
1905-1957
Christian Dior
32%
Painter of The Card Players, 1839-1906Paul Cezanne
29%
Blue and The English PatientJuliette Binoche
25%
Venezuelan-born rugby player of
the 80's and 90's
Serge Blanco
24%
Economist and author of
Capital in the Twenty-First Century
Thomas Piketty
17%

Score Distribution

Percentile by Number Answered

Percent of People with Each Score

Your Score History

You have not taken this quiz